00652nam a22001937a 4500999001700000082001200017100002100029100002000050100004400070245005600114260002700170300000800197700003300205700003500238700003500273700004000308942001100348952009900359 c66800d66797 aR/2CS16 aSaifullah Bhutto aRoll No. 16CS46 aSupervisor - Engr. Agha Shiraz A. Khan  aSelf Driving Simulated System Using Deep Learning.  aNawabshahbQUESTc2020 a22p aIraj Memon (Roll No. 16CS03) aHamad Arshad (Roll No. 16CS35) aAlisha Memon (Roll No. 16CS47) aSafdar Ali Junejo (Roll No. 16CS06) cTHESIS 00104070aRESEARCHbRESEARCHd2021-01-07l0oR/2CS16p16CS-T180r2021-01-07 00:00:00yTHESIS